[Event "Roger Roy mem"]
[Site "Gatineau CAN"]
[Date "2006.11.07"]
[Round "4"]
[White "Libersan, Mattieu"]
[Black "Levesque, Andre"]
[Result "1-0"]
[WhiteElo "1945"]
[BlackElo "1370"]
[PlyCount "71"]
[EventDate "2006.10.17"]
[EventType "swiss"]
[EventRounds "5"]
[EventCountry "CAN"]

1. e4 c5 2. Nf3 Nc6 3. d4 cxd4 4. Nxd4 g6 5. Nc3 Nf6 6. Be3 Bg7 7. Bc4 O-O 8.
O-O a5 9. Qd2 a4 10. a3 Ra5 11. Rad1 e6 12. Ndb5 Ne8 13. Bc5 d6 14. Be3 Ne5 15.
Be2 Bd7 16. Nxd6 Qc7 17. f4 Nxd6 18. Qxd6 Qxd6 19. Rxd6 Bc6 20. fxe5 Bxe5 21.
Rd2 Bxc3 22. bxc3 Bxe4 23. Bf3 Bd5 24. Bxd5 exd5 25. Rfd1 Re8 26. Bf4 Re4 27.
g3 Rc5 28. Rxd5 Rxc3 29. Be5 Rxe5 30. Rxe5 Rxc2 31. Rb1 Rc3 32. Rxb7 Rxa3 33.
Ra5 Ra1+ 34. Kg2 a3 35. Rba7 Ra2+ 36. Kh3 1-0

[Event "Roger Roy mem"]
[Site "Gatineau CAN"]
[Date "2006.11.07"]
[Round "4"]
[White "Maisonneuve, Paul"]
[Black "Jani, Louis"]
[Result "1-0"]
[WhiteElo "1569"]
[BlackElo "1444"]
[PlyCount "23"]
[EventDate "2006.10.17"]
[EventType "swiss"]
[EventRounds "5"]
[EventCountry "CAN"]

1. d4 f5 2. Bf4 Nf6 3. e3 e6 4. Nf3 Be7 5. h3 O-O 6. Be2 Nc6 7. O-O d5 8. a3 a6
9. c4 b5 10. cxb5 axb5 11. Qc2 Bd6 12. Qxc6 1-0

[Event "Roger Roy mem"]
[Site "Gatineau CAN"]
[Date "2006.11.10"]
[Round "4"]
[White "Pepin, Christian"]
[Black "Scantland, Patrick"]
[Result "1-0"]
[WhiteElo "2070"]
[BlackElo "1680"]
[PlyCount "101"]
[EventDate "2006.10.17"]
[EventType "swiss"]
[EventRounds "5"]
[EventCountry "CAN"]

1. e4 c5 2. Nf3 d6 3. d4 cxd4 4. Nxd4 Nf6 5. Nc3 a6 6. Be2 e5 7. Nb3 Be7 8. O-O
O-O 9. Kh1 b5 10. a4 b4 11. Nd5 a5 12. Be3 Nbd7 13. Bc4 Bb7 14. Nxe7+ Qxe7 15.
f3 Rfc8 16. Qd3 Rc7 17. Rfd1 h5 18. Rd2 Nc5 19. Bxc5 dxc5 20. Qd6 Kf8 21. Qd3
Rd7 22. Qe2 Rxd2 23. Nxd2 Rd8 24. Nb3 Qc7 25. Qe3 Rd6 26. Qe2 Bc8 27. Rd1 Rxd1+
28. Qxd1 Bd7 29. Qa1 Ke7 30. Nd2 Be6 31. Bxe6 Kxe6 32. Qa2+ Ke7 33. Qc4 Qd6 34.
Qd3 Ne8 35. Nc4 Qc7 36. Qd5 f6 37. Kg1 Nd6 38. Qg8 Nxc4 39. Qxg7+ Kd8 40. Qg8+
Kd7 41. Qxc4 Qd6 42. Qd3 Qd4+ 43. Kf1 Kd6 44. Ke2 c4 45. Qd2 Qxd2+ 46. Kxd2 Ke6
47. b3 cxb3 48. cxb3 Kd6 49. Kd3 Kc5 50. h4 Kb6 51. g4 1-0

[Event "Roger Roy mem"]
[Site "Gatineau CAN"]
[Date "2006.11.07"]
[Round "4"]
[White "Pilon, Robert"]
[Black "Carrier, Simon"]
[Result "1-0"]
[WhiteElo "1528"]
[BlackElo "1059"]
[PlyCount "67"]
[EventDate "2006.10.17"]
[EventType "swiss"]
[EventRounds "5"]
[EventCountry "CAN"]

1. e4 c5 2. Nf3 Nc6 3. d4 cxd4 4. c3 e5 5. cxd4 exd4 6. Nxd4 Bc5 7. Be3 d5 8.
Nxc6 bxc6 9. Bxc5 Qa5+ 10. Nc3 Qxc5 11. exd5 Nf6 12. dxc6 Ng4 13. Qe2+ Be6 14.
h3 Qe5 15. hxg4 Qxe2+ 16. Bxe2 O-O 17. O-O Rfe8 18. Rfd1 Rac8 19. Rd6 Rc7 20.
Rad1 g6 21. Rd8 Rxd8 22. Rxd8+ Kg7 23. Bf3 Bc4 24. Rd7 Rc8 25. Rxa7 Re8 26. b3
Re1+ 27. Kh2 Be6 28. c7 Rc1 29. Ne4 h5 30. gxh5 gxh5 31. Nd6 Rc2 32. c8=Q Bxc8
33. Nxc8 Rxc8 34. Bd5 1-0

[Event "Roger Roy mem"]
[Site "Gatineau CAN"]
[Date "2006.11.07"]
[Round "4"]
[White "Toulouse, Raphael"]
[Black "Berthiaume, Serge"]
[Result "1-0"]
[WhiteElo "1199"]
[BlackElo "1162"]
[PlyCount "39"]
[EventDate "2006.10.17"]
[EventType "swiss"]
[EventRounds "5"]
[EventCountry "CAN"]

1. d4 d5 2. c4 Nf6 3. Bg5 e6 4. Nf3 h6 5. Bxf6 Qxf6 6. e3 Bb4+ 7. Nbd2 Bd7 8.
Bd3 Qe7 9. a3 Bd6 10. c5 Bxc5 11. dxc5 Qxc5 12. Rc1 Qd6 13. Qc2 Nc6 14. Qc3 Qf8
15. Ne5 O-O-O 16. Bb5 f6 17. Nxd7 Rxd7 18. Bxc6 bxc6 19. Qxc6 Qd6 20. Qa8# 1-0

[Event "Roger Roy mem"]
[Site "Gatineau CAN"]
[Date "2006.11.14"]
[Round "5"]
[White "Arsenault, Michel"]
[Black "Cossette, Daniel"]
[Result "1/2-1/2"]
[WhiteElo "2020"]
[BlackElo "2117"]
[PlyCount "68"]
[EventDate "2006.10.17"]
[EventType "swiss"]
[EventRounds "5"]
[EventCountry "CAN"]

1. c4 e6 2. g3 d5 3. Bg2 Nf6 4. Nf3 c5 5. O-O Nc6 6. e3 Be7 7. b3 O-O 8. Bb2 b6
9. Nc3 Bb7 10. cxd5 exd5 11. d4 Re8 12. Rc1 Na5 13. dxc5 bxc5 14. Na4 Ba6 15.
Re1 c4 16. Nd4 Bb4 17. Bc3 Bxc3 18. Nxc3 Rb8 19. Bf1 Qd6 20. Rb1 g6 21. Qd2 Nc6
22. Nxc6 Qxc6 23. Bg2 Rbd8 24. Red1 Ne4 25. Nxe4 dxe4 26. Qxd8 Rxd8 27. Rxd8+
Kg7 28. bxc4 Qxc4 29. Rbd1 Qxa2 30. Bxe4 Bc4 31. Bd5 Bxd5 32. R8xd5 a5 33. R5d2
Qa3 34. Rd3 Qa2 1/2-1/2

[Event "Roger Roy mem"]
[Site "Gatineau CAN"]
[Date "2006.11.14"]
[Round "5"]
[White "Berthiaume, Serge"]
[Black "Bertiaume, Patrick"]
[Result "1-0"]
[WhiteElo "1166"]
[BlackElo "978"]
[PlyCount "45"]
[EventDate "2006.10.17"]
[EventType "swiss"]
[EventRounds "5"]
[EventCountry "CAN"]

1. d4 d5 2. c4 dxc4 3. e4 b5 4. Nc3 a6 5. Nf3 Bg4 6. Bf4 Bxf3 7. Qxf3 Qxd4 8.
Rd1 Qc5 9. Be2 e5 10. Be3 Qc6 11. O-O Bb4 12. Bd2 Bxc3 13. Bxc3 Nf6 14. Bxe5
Qe6 15. Bxc7 Qxe4 16. Rfe1 Qxf3 17. Bxf3+ Kf8 18. Bxa8 Nbd7 19. Bc6 b4 20. Bxd7
c3 21. Ba4 cxb2 22. Rd8+ Ne8 23. Rdxe8# 1-0

[Event "Roger Roy mem"]
[Site "Gatineau CAN"]
[Date "2006.11.14"]
[Round "5"]
[White "Brousseau, Yvan"]
[Black "Pepin, Christian"]
[Result "1/2-1/2"]
[WhiteElo "2056"]
[BlackElo "2070"]
[PlyCount "31"]
[EventDate "2006.10.17"]
[EventType "swiss"]
[EventRounds "5"]
[EventCountry "CAN"]

1. Nf3 Nf6 2. b3 c5 3. Bb2 Nc6 4. e3 d6 5. d4 Bg4 6. Be2 g6 7. O-O Bg7 8. c4
cxd4 9. Nxd4 Nxd4 10. Bxd4 Bd7 11. Nd2 O-O 12. Bf3 Bc6 13. Qc2 Qc7 14. Rac1 b6
15. Rfd1 Qb7 16. Bc3 1/2-1/2

[Event "Roger Roy mem"]
[Site "Gatineau CAN"]
[Date "2006.11.14"]
[Round "5"]
[White "Chartrand, Jean Bruno"]
[Black "Laurin, Jacques"]
[Result "0-1"]
[WhiteElo "1847"]
[BlackElo "1823"]
[PlyCount "80"]
[EventDate "2006.10.17"]
[EventType "swiss"]
[EventRounds "5"]
[EventCountry "CAN"]

1. d4 d6 2. c4 Nf6 3. Nc3 c6 4. e4 Qa5 5. f3 Na6 6. Be3 e5 7. d5 Be7 8. Nge2
Bd7 9. Nc1 Nh5 10. Nb3 Qd8 11. Qd2 Nc7 12. Be2 O-O 13. O-O-O Nf4 14. Rdg1 cxd5
15. cxd5 b5 16. g3 Nh3 17. Rg2 b4 18. Nd1 Rc8 19. Kb1 Rb8 20. f4 Nb5 21. f5 a5
22. g4 a4 23. Nc1 Ng5 24. Nf2 Nc3+ 25. Ka1 Ngxe4 26. Nxe4 Nxe4 27. Qd1 Qa5 28.
Bf3 Ng5 29. h4 Nxf3 30. Qxf3 a3 31. b3 Bf6 32. Qe4 Rb5 33. g5 Bd8 34. Rd1 Bb6
35. Bxb6 Qxb6 36. Nd3 Rc8 37. Ne1 Rbc5 38. Nc2 Rc3 39. g6 hxg6 40. fxg6 f5 0-1

[Event "Roger Roy mem"]
[Site "Gatineau CAN"]
[Date "2006.11.14"]
[Round "5"]
[White "Dupont, Claude"]
[Black "Maisonneuve, Paul"]
[Result "0-1"]
[WhiteElo "1415"]
[BlackElo "1569"]
[PlyCount "52"]
[EventDate "2006.10.17"]
[EventType "swiss"]
[EventRounds "5"]
[EventCountry "CAN"]

1. e4 d6 2. d4 Nf6 3. Nc3 g6 4. Nf3 Bg7 5. Be2 c5 6. dxc5 Qa5 7. Bd2 Qxc5 8. a3
O-O 9. b4 Qb6 10. Be3 Qc6 11. Nd5 Nxd5 12. exd5 Qc3+ 13. Bd2 Qxa1 14. Qxa1 Bxa1
15. c3 Bf5 16. Nd4 Rc8 17. Nxf5 gxf5 18. O-O Bxc3 19. Rc1 Nd7 20. Rxc3 Rxc3 21.
Bxc3 Rc8 22. Be1 Nb6 23. Bd3 e6 24. dxe6 fxe6 25. Bd2 Nc4 26. Bc1 Ne5 0-1

[Event "Roger Roy mem"]
[Site "Gatineau CAN"]
[Date "2006.11.14"]
[Round "5"]
[White "Guimond, Michel"]
[Black "Dallaire, Dominic"]
[Result "1-0"]
[WhiteElo "1791"]
[BlackElo "1844"]
[PlyCount "86"]
[EventDate "2006.10.17"]
[EventType "swiss"]
[EventRounds "5"]
[EventCountry "CAN"]

1. e4 e6 2. d4 d5 3. Nc3 Bb4 4. e5 c5 5. a3 Bxc3+ 6. bxc3 Qc7 7. Nf3 Ne7 8. Bd3
b6 9. O-O Ba6 10. Ng5 Bxd3 11. Qxd3 Nbc6 12. g4 h5 13. Qf3 Ng8 14. dxc5 hxg4
15. Qxg4 Nxe5 16. Qg3 Ne7 17. Re1 N7g6 18. c4 Rh4 19. h3 Rxc4 20. Bb2 d4 21. f4
Nxf4 22. Qxf4 Rxc2 23. Bxd4 Qb7 24. Qe4 Qxe4 25. Rxe4 Nd7 26. Rf1 Nxc5 27. Bxc5
Rxc5 28. Nxf7 Kd7 29. Ne5+ Kd6 30. Rd1+ Rd5 31. Nf7+ Kc7 32. Rc1+ Kd7 33. Ne5+
Ke7 34. Rc7+ Kd6 35. Rc6+ Ke7 36. Ng6+ Kf7 37. Rexe6 Rad8 38. Re7+ Kg8 39. Ne5
Rd1+ 40. Kf2 R8d2+ 41. Kf3 Rg1 42. Rc8+ Kh7 43. Ree8 g5 1-0

[Event "Roger Roy mem"]
[Site "Gatineau CAN"]
[Date "2006.11.14"]
[Round "5"]
[White "Jiang, Qizhe"]
[Black "Toulouse, Raphael"]
[Result "1-0"]
[WhiteElo "904"]
[BlackElo "1199"]
[PlyCount "70"]
[EventDate "2006.10.17"]
[EventType "swiss"]
[EventRounds "5"]
[EventCountry "CAN"]

1. e4 c5 2. d4 cxd4 3. Qxd4 Nc6 4. Qd1 e5 5. Nf3 Bc5 6. Nc3 Bb4 7. Bd2 Nge7 8.
g3 d6 9. Bg2 O-O 10. a3 Bc5 11. b4 Bb6 12. O-O Be6 13. Re1 h6 14. Be3 Bxe3 15.
Rxe3 Bg4 16. Rd3 Nd4 17. Ne2 Nec6 18. Nexd4 Nxd4 19. c3 Bxf3 20. Bxf3 Nxf3+ 21.
Qxf3 Qe7 22. Qd1 Rad8 23. Qb3 b5 24. Rdd1 Qc7 25. Rdc1 Qc4 26. Qc2 Rc8 27. a4
a6 28. axb5 axb5 29. Ra3 Ra8 30. Rca1 Rxa3 31. Rxa3 d5 32. exd5 Qxd5 33. Ra1
Ra8 34. Rxa8+ Qxa8 35. Qc1 Qa3 1-0

[Event "Roger Roy mem"]
[Site "Gatineau CAN"]
[Date "2006.11.14"]
[Round "5"]
[White "Kennedy, Phillip"]
[Black "Rainey, Ivan"]
[Result "1-0"]
[WhiteElo "1296"]
[BlackElo "1114"]
[PlyCount "117"]
[EventDate "2006.10.17"]
[EventType "swiss"]
[EventRounds "5"]
[EventCountry "CAN"]

1. Nf3 Nf6 2. g3 e6 3. Bg2 d5 4. O-O Be7 5. d4 O-O 6. b3 Nc6 7. Bb2 Ne4 8. Nbd2
Nxd2 9. Qxd2 Bf6 10. Rad1 Qd6 11. a3 b6 12. Qc3 Bb7 13. Ne5 g6 14. e4 Bg7 15.
Rfe1 f6 16. exd5 exd5 17. Nxc6 Bxc6 18. a4 a5 19. Ra1 Rfe8 20. Ba3 Rxe1+ 21.
Qxe1 Qd7 22. Bc1 Re8 23. Be3 f5 24. Qd2 Bb7 25. Bf4 c6 26. c3 Ba6 27. Bf1 Bxf1
28. Kxf1 Qb7 29. Re1 Qa6+ 30. Kg2 Rxe1 31. Qxe1 Qc8 32. Be5 c5 33. Bxg7 Kxg7
34. Qe5+ Kh6 35. Qxd5 cxd4 36. cxd4 Qc3 37. Qc4 Qxc4 38. bxc4 Kg7 39. Kf3 Kf6
40. Kf4 h6 41. h4 g5+ 42. Ke3 f4+ 43. Ke4 fxg3 44. fxg3 gxh4 45. gxh4 Ke6 46.
h5 Kd6 47. d5 Ke7 48. Ke5 Kd7 49. d6 Kd8 50. Kd5 Kd7 51. c5 bxc5 52. Kxc5 Kd8
53. Kb5 Kd7 54. Kxa5 Kxd6 55. Kb6 Kd7 56. Kb7 Kd6 57. a5 Kc5 58. a6 Kb5 59. a7
1-0

[Event "Roger Roy mem"]
[Site "Gatineau CAN"]
[Date "2006.11.14"]
[Round "5"]
[White "Laurin, Marcel"]
[Black "Lacourse, Guy"]
[Result "1/2-1/2"]
[WhiteElo "1622"]
[BlackElo "1650"]
[PlyCount "41"]
[EventDate "2006.10.17"]
[EventType "swiss"]
[EventRounds "5"]
[EventCountry "CAN"]

1. d4 Nf6 2. c4 e6 3. a3 d5 4. cxd5 exd5 5. Nc3 Be7 6. h3 O-O 7. Bf4 c6 8. e3
Nbd7 9. Bd3 Re8 10. Nf3 Nf8 11. O-O Ne6 12. Bh2 g6 13. Ne5 Ng7 14. f4 Bf5 15.
g4 Bxd3 16. Qxd3 Nd7 17. Rf3 Nxe5 18. fxe5 Ne6 19. Raf1 Rf8 20. Kg2 f6 21. exf6
1/2-1/2

[Event "Roger Roy mem"]
[Site "Gatineau CAN"]
[Date "2006.11.14"]
[Round "5"]
[White "Levesque, Andre"]
[Black "Gagnon, Fabien"]
[Result "0-1"]
[WhiteElo "1370"]
[BlackElo "2030"]
[PlyCount "53"]
[EventDate "2006.10.17"]
[EventType "swiss"]
[EventRounds "5"]
[EventCountry "CAN"]

1. e4 c5 2. Nc3 Nc6 3. g3 g6 4. Bg2 Bg7 5. f4 d6 6. Nd5 e6 7. Ne3 Nge7 8. Ne2
O-O 9. Nc3 Rb8 10. a4 a6 11. Qe2 Re8 12. O-O Bd7 13. d3 b5 14. axb5 axb5 15.
Ncd1 b4 16. c3 bxc3 17. bxc3 f5 18. Qd2 Qc7 19. Bb2 Na5 20. Qc2 Bc6 21. c4 Bd4
22. Re1 Nb3 23. Rb1 Bxb2 24. Rxb2 Nd4 25. Qf2 Rxb2 26. Nxb2 Rb8 27. Ned1 0-1

[Event "Roger Roy mem"]
[Site "Gatineau CAN"]
[Date "2006.11.14"]
[Round "5"]
[White "Libersan, Mattieu"]
[Black "Forget, David"]
[Result "1-0"]
[WhiteElo "1911"]
[BlackElo "1910"]
[PlyCount "55"]
[EventDate "2006.10.17"]
[EventType "swiss"]
[EventRounds "5"]
[EventCountry "CAN"]

1. e4 e6 2. d4 d5 3. Nc3 Bb4 4. Nge2 dxe4 5. a3 Be7 6. Nxe4 Nf6 7. N2g3 O-O 8.
Qd3 Nbd7 9. Bf4 c5 10. O-O-O cxd4 11. Qxd4 Nxe4 12. Qxe4 Qb6 13. Bd3 Nf6 14.
Qf3 Bd7 15. Be5 Bc6 16. Qe2 Rfd8 17. Nh5 Nxh5 18. Qxh5 g6 19. Qe2 Rac8 20. h4
Ba4 21. Rd2 Qb3 22. Kb1 Qb6 23. h5 Bxa3 24. hxg6 fxg6 25. Rxh7 Rxd3 26. Rg7+
Kf8 27. Qxd3 Ke8 28. Qxg6+ 1-0

[Event "Roger Roy mem"]
[Site "Gatineau CAN"]
[Date "2006.11.14"]
[Round "5"]
[White "Scantland, Patrick"]
[Black "Iyamuremye, Gervais"]
[Result "1-0"]
[WhiteElo "1680"]
[BlackElo "1363"]
[PlyCount "32"]
[EventDate "2006.10.17"]
[EventType "swiss"]
[EventRounds "5"]
[EventCountry "CAN"]

1. e4 e5 2. Nf3 d6 3. Bc4 Be7 4. d4 exd4 5. Nxd4 Bf6 6. c3 Ne7 7. Be3 O-O 8.
O-O Nbc6 9. f4 Nxd4 10. cxd4 Be6 11. Bd3 Nc8 12. Nc3 c6 13. e5 dxe5 14. fxe5
Bg5 15. Bxh7+ Kxh7 16. Qh5+ Bh6 1-0

[Event "Roger Roy mem"]
[Site "Gatineau CAN"]
[Date "2006.11.14"]
[Round "5"]
[White "Thibault, Mario"]
[Black "Charland, Roger"]
[Result "1/2-1/2"]
[WhiteElo "1664"]
[BlackElo "1570"]
[PlyCount "24"]
[EventDate "2006.10.17"]
[EventType "swiss"]
[EventRounds "5"]
[EventCountry "CAN"]

1. Nf3 d5 2. b3 c5 3. e3 Nc6 4. Bb2 Nf6 5. Bb5 Bd7 6. O-O e6 7. Bxc6 Bxc6 8.
Ne5 Bd6 9. f4 O-O 10. d3 Nd7 11. Nxd7 Qxd7 12. Nd2 Rfe8 1/2-1/2

[Event "Scarborough CC Late Fall Swiss"]
[Site "Toronto CAN"]
[Date "2006.11.02"]
[Round "1"]
[White "Arfin, Sam"]
[Black "Blackman, Gord"]
[Result "1-0"]
[WhiteElo "1276"]
[BlackElo "1608"]
[PlyCount "83"]
[EventDate "2006.11.02"]
[EventType "swiss"]
[EventRounds "8"]
[EventCountry "CAN"]

1. e4 g6 2. d4 Bg7 3. Nf3 d6 4. Nc3 c6 5. Be3 Bg4 6. Be2 Nd7 7. h3 Bxf3 8. Bxf3
e5 9. d5 c5 10. Qd2 Ne7 11. Nb5 Nf6 12. c4 O-O 13. O-O Ne8 14. a4 f5 15. Bg5
Nf6 16. Bxf6 Rxf6 17. Rab1 fxe4 18. Bxe4 Nf5 19. Bxf5 gxf5 20. b4 a6 21. Na3
Rf7 22. bxc5 dxc5 23. Rb3 Rb8 24. Rfb1 Rd7 25. Nc2 f4 26. f3 Bf6 27. Ne1 Be7
28. Nd3 Bd6 29. Nf2 Qe7 30. Ne4 h6 31. Qa5 Qf8 32. Qb6 Qe7 33. Nxd6 Rxd6 34.
Qxc5 Qd8 35. Rxb7 Rxb7 36. Rxb7 Rd7 37. Rxd7 Qxd7 38. Qc6 Qf7 39. d6 Kf8 40.
Qc8+ Kg7 41. d7 Qe7 42. d8=Q 1-0

[Event "Scarborough CC Late Fall Swiss"]
[Site "Toronto CAN"]
[Date "2006.11.02"]
[Round "1"]
[White "Deiseach, Donald"]
[Black "Graham, John"]
[Result "1-0"]
[WhiteElo "1940"]
[BlackElo "1479"]
[PlyCount "35"]
[EventDate "2006.11.02"]
[EventType "swiss"]
[EventRounds "8"]
[EventCountry "CAN"]

1. e4 e6 2. d4 d5 3. Nc3 Nf6 4. e5 Nfd7 5. Nf3 c5 6. Bb5 a6 7. Be2 Nc6 8. Be3
b5 9. O-O Qb6 10. Qd2 cxd4 11. Nxd4 Ncxe5 12. f4 Nc4 13. Bxc4 dxc4 14. f5 Nf6
15. Nxe6 Qd6 16. Nxg7+ Ke7 17. Qe2 Qe5 18. Bc5+ 1-0

[Event "Scarborough CC Late Fall Swiss"]
[Site "Toronto CAN"]
[Date "2006.11.02"]
[Round "1"]
[White "Ismail, Nayyir"]
[Black "Roe, Jim"]
[Result "0-1"]
[WhiteElo "1028"]
[BlackElo "1569"]
[PlyCount "53"]
[EventDate "2006.11.02"]
[EventType "swiss"]
[EventRounds "8"]
[EventCountry "CAN"]

1. e4 e6 2. f4 d5 3. d4 dxe4 4. Ne2 f5 5. Nbc3 Nf6 6. Be3 Bb4 7. Qd2 O-O 8.
O-O-O Nc6 9. Qe1 Qe7 10. Qh4 Re8 11. g3 Ng4 12. Qxe7 Bxe7 13. d5 Nxe3 14. Rd2
exd5 15. Nd4 Nxd4 16. Rxd4 c5 17. Rd2 a6 18. h3 d4 19. Nb1 b5 20. g4 fxg4 21.
hxg4 Bxg4 22. Rg1 Rf8 23. Rh2 Bd6 24. Bg2 Nxg2 25. Rgxg2 h5 26. Rf2 e3 27. Rfg2
0-1

[Event "Scarborough CC Late Fall Swiss"]
[Site "Toronto CAN"]
[Date "2006.11.02"]
[Round "1"]
[White "Lamb, Bryan"]
[Black "Tursman, Richard"]
[Result "1-0"]
[WhiteElo "2116"]
[BlackElo "1519"]
[PlyCount "71"]
[EventDate "2006.11.02"]
[EventType "swiss"]
[EventRounds "8"]
[EventCountry "CAN"]

1. c4 c6 2. Nf3 d5 3. b3 Nf6 4. Bb2 Bg4 5. g3 e6 6. Bg2 Bxf3 7. Bxf3 Nbd7 8. d4
Bd6 9. O-O O-O 10. Nd2 Re8 11. Bg2 e5 12. cxd5 cxd5 13. dxe5 Bxe5 14. Bxe5 Nxe5
15. Nf3 Nc6 16. e3 Qd7 17. Rc1 Rad8 18. Qc2 Rc8 19. Qb2 h6 20. Rfd1 Qe6 21. Nd4
Qd7 22. Qa3 a6 23. Ne2 Rcd8 24. Rc5 Qe7 25. Qc1 Qe6 26. Nf4 Qc8 27. Nxd5 Nxd5
28. Rcxd5 Rxd5 29. Bxd5 Rd8 30. Qc4 Rd7 31. Rc1 Rc7 32. Qf4 Ne5 33. Rxc7 Qxc7
34. Bxf7+ Qxf7 35. Qxe5 Qd7 36. e4 1-0

[Event "Scarborough CC Late Fall Swiss"]
[Site "Toronto CAN"]
[Date "2006.11.02"]
[Round "1"]
[White "Lung, Stephen"]
[Black "Armstrong, Robert J"]
[Result "0-1"]
[WhiteElo "1323"]
[BlackElo "1672"]
[PlyCount "108"]
[EventDate "2006.11.02"]
[EventType "swiss"]
[EventRounds "8"]
[EventCountry "CAN"]

1. e4 g6 2. d4 Bg7 3. Nf3 d6 4. h3 Nf6 5. Nc3 O-O 6. Bd3 c5 7. dxc5 dxc5 8. O-O
Nc6 9. Be3 b6 10. Qd2 Bb7 11. Bh6 Nd4 12. Nh2 Qc7 13. Bxg7 Kxg7 14. Rfe1 e5 15.
Qd1 Rad8 16. Nf3 c4 17. Bf1 Nb3 18. Qe2 Nxa1 19. Rxa1 Rfe8 20. Re1 Ba6 21. a4
Qc5 22. Na2 b5 23. axb5 Bxb5 24. Nc3 a6 25. Nxb5 axb5 26. b3 cxb3 27. cxb3 b4
28. Qc4 Qxc4 29. Bxc4 Re7 30. Kf1 Rc8 31. Ke2 Nxe4 32. Rc1 f5 33. Nd2 Nxd2 34.
Kxd2 e4 35. Ke3 g5 36. g3 Kf6 37. h4 gxh4 38. gxh4 Ke5 39. f4+ exf3 40. Kxf3
Rg7 41. Re1+ Kd6 42. Kf4 Rg4+ 43. Kxf5 Rxh4 44. Kg5 Rhxc4 45. bxc4 Rxc4 46. Kh6
Rc7 47. Rb1 Rb7 48. Rb3 Kc5 49. Kg5 Kc4 50. Rb1 b3 51. Kf4 Kc3 52. Ke3 b2 53.
Rh1 b1=Q 54. Rxb1 Rxb1 0-1

[Event "Scarborough CC Late Fall Swiss"]
[Site "Toronto CAN"]
[Date "2006.11.02"]
[Round "1"]
[White "Mesiti, Silvano"]
[Black "Zlatanov, Petar"]
[Result "1/2-1/2"]
[WhiteElo "1633"]
[BlackElo "1310"]
[PlyCount "134"]
[EventDate "2006.11.02"]
[EventType "swiss"]
[EventRounds "8"]
[EventCountry "CAN"]

1. e4 c5 2. Nf3 d6 3. d4 cxd4 4. Nxd4 Nf6 5. Nc3 g6 6. Bc4 Bg7 7. O-O O-O 8.
Be3 Nc6 9. Qd2 Bd7 10. Nf3 Rc8 11. Be2 Ng4 12. Bd4 e5 13. Be3 Nxe3 14. Qxe3 Bg4
15. Nd5 Bxf3 16. Bxf3 Nd4 17. c3 Nc2 18. Qxa7 Nxa1 19. Rxa1 Rb8 20. Qa3 f5 21.
Rd1 fxe4 22. Bxe4 Qh4 23. f3 Rfd8 24. Qb3 Kh8 25. Qc2 Bf8 26. Qd2 Rd7 27. Qd3
Rg7 28. Ne3 h5 29. Bxg6 Qg5 30. Be4 d5 31. f4 exf4 32. Nxd5 Bc5+ 33. Kh1 Rd8
34. Qf3 Rgd7 35. c4 Re8 36. Bc2 Qe5 37. h3 Rg7 38. Qxf4 Qxf4 39. Nxf4 Rge7 40.
Ng6+ Kg7 41. Nxe7 Rxe7 42. Bd3 Kf6 43. g3 Re3 44. Kg2 Bd6 45. Rf1+ Ke6 46. Rf3
Re1 47. Kf2 Ra1 48. a3 Ra2 49. Re3+ Kf6 50. Re2 Kg5 51. Rd2 Bxa3 52. Bb1 Rxb2
53. Rxb2 Bxb2 54. Kf3 Bd4 55. Ke4 Bc5 56. Kf3 Bd4 57. h4+ Kf6 58. Be4 b6 59.
Bc6 Kg6 60. g4 hxg4+ 61. Kxg4 Bg7 62. h5+ Kh6 63. Bg2 Bh8 64. Bf3 Be5 65. Kf5
Bg7 66. Ke6 Bd4 67. Kd5 Bf6 1/2-1/2

[Event "Scarborough CC Late Fall Swiss"]
[Site "Toronto CAN"]
[Date "2006.11.02"]
[Round "1"]
[White "Morra, Lui"]
[Black "Hall, John"]
[Result "0-1"]
[WhiteElo "1516"]
[BlackElo "2037"]
[PlyCount "38"]
[EventDate "2006.11.02"]
[EventType "swiss"]
[EventRounds "8"]
[EventCountry "CAN"]

1. e4 e5 2. Nf3 Nc6 3. Bb5 a6 4. Ba4 Nf6 5. O-O Be7 6. Qe2 b5 7. Bb3 O-O 8. c3
d5 9. exd5 e4 10. dxc6 exf3 11. Qxf3 Bg4 12. Qg3 Bd6 13. Qh4 Be2 14. Re1 Bd3
15. Qh3 Re8 16. Rxe8+ Qxe8 17. Qe3 Bc5 18. Qxd3 Qe1+ 19. Qf1 Bxf2+ 0-1

[Event "Scarborough CC Late Fall Swiss"]
[Site "Toronto CAN"]
[Date "2006.11.02"]
[Round "1"]
[White "Paterson, Jim"]
[Black "Wu, Aaron"]
[Result "1-0"]
[WhiteElo "1817"]
[BlackElo "1467"]
[PlyCount "71"]
[EventDate "2006.11.02"]
[EventType "swiss"]
[EventRounds "8"]
[EventCountry "CAN"]

1. d4 Nf6 2. Nf3 g6 3. Nc3 Bg7 4. e4 d6 5. Be3 O-O 6. h3 Nbd7 7. Qd2 c6 8. Bd3
Qc7 9. Bh6 c5 10. Bxg7 Kxg7 11. O-O cxd4 12. Nxd4 Nc5 13. Rac1 e5 14. Nf5+ Bxf5
15. exf5 Nh5 16. Bc4 a6 17. Rcd1 Rad8 18. Bd5 Nf4 19. g3 Nxd5 20. Nxd5 Qd7 21.
f6+ Kh8 22. Qh6 Rg8 23. Ne7 Ne4 24. Nxg8 Rxg8 25. Rfe1 Qf5 26. Qe3 Ng5 27. Rxd6
Nf3+ 28. Kg2 Nxe1+ 29. Qxe1 e4 30. Qe3 Qe5 31. Qb6 h6 32. Rd8 Rxd8 33. Qxd8+
Kh7 34. Qe7 Qd5 35. Kh2 h5 36. Qf8 1-0

[Event "Scarborough CC Late Fall Swiss"]
[Site "Toronto CAN"]
[Date "2006.11.09"]
[Round "2"]
[White "Bellomo, Joe"]
[Black "Arfin, Sam"]
[Result "1-0"]
[WhiteElo "1708"]
[BlackElo "1276"]
[PlyCount "65"]
[EventDate "2006.11.02"]
[EventType "swiss"]
[EventRounds "8"]
[EventCountry "CAN"]

1. e4 e6 2. d4 d5 3. Nc3 Nf6 4. Bg5 dxe4 5. Nxe4 Be7 6. Bxf6 Bxf6 7. Nxf6+ Qxf6
8. Nf3 O-O 9. Bd3 Nc6 10. O-O Bd7 11. c3 Rfd8 12. Qc2 h6 13. Rae1 Ne7 14. Ne5
Nc6 15. Nxd7 Rxd7 16. Re3 Ne7 17. Rf3 Qg5 18. Re1 Nd5 19. Re5 Qe7 20. Qe2 Nf6
21. Rg3 Re8 22. Qe3 Kf8 23. Qf3 c6 24. Qf4 Rd5 25. Rge3 Qc7 26. Qg3 Nd7 27.
Rxe6 Ne5 28. Rxe8+ Kxe8 29. dxe5 Qd7 30. h3 g6 31. e6 fxe6 32. Qxg6+ Kd8 33.
Be2 1-0

[Event "Scarborough CC Late Fall Swiss"]
[Site "Toronto CAN"]
[Date "2006.11.09"]
[Round "2"]
[White "Blackman, Gord"]
[Black "Mesiti, Silvano"]
[Result "0-1"]
[WhiteElo "1608"]
[BlackElo "1633"]
[PlyCount "84"]
[EventDate "2006.11.02"]
[EventType "swiss"]
[EventRounds "8"]
[EventCountry "CAN"]

1. c4 e5 2. Nc3 Nf6 3. g3 d5 4. cxd5 Nxd5 5. Bg2 c6 6. e3 Be7 7. Nge2 Nb4 8.
O-O Bf5 9. e4 Be6 10. Kh1 Nd3 11. Qc2 Na6 12. a3 O-O 13. b4 Nc7 14. f4 exf4 15.
Nxf4 Bc4 16. Qd1 Nxc1 17. Rxc1 Bxf1 18. Bxf1 Bg5 19. d3 Qf6 20. Nce2 Ne6 21.
Qd2 Rad8 22. Qe3 a6 23. Rd1 Rd7 24. Kg2 Rfd8 25. Qf3 Nxf4+ 26. Nxf4 Bxf4 27.
gxf4 Qb2+ 28. Be2 Qxa3 29. f5 f6 30. h4 Qxb4 31. h5 h6 32. Kh1 Qb3 33. Rg1 Rxd3
34. Bxd3 Rxd3 35. Qg4 Qf7 36. e5 fxe5 37. Rf1 Qd5+ 38. Kh2 Rd2+ 39. Kh3 Rd4 40.
Qg6 Rd3+ 41. Kh2 Rd2+ 42. Kh3 Qb3+ 0-1

[Event "Scarborough CC Late Fall Swiss"]
[Site "Toronto CAN"]
[Date "2006.11.09"]
[Round "2"]
[White "Gillis, Doug"]
[Black "Paterson, Jim"]
[Result "0-1"]
[WhiteElo "1434"]
[BlackElo "1817"]
[PlyCount "26"]
[EventDate "2006.11.02"]
[EventType "swiss"]
[EventRounds "8"]
[EventCountry "CAN"]

1. e4 e5 2. d4 exd4 3. Qxd4 Nc6 4. Qe3 b6 5. Nc3 Bb7 6. Bd2 Nf6 7. O-O-O Bc5 8.
Qg3 O-O 9. Be2 d6 10. Bh6 Ne8 11. Bg5 Bxf2 12. Bxd8 Bxg3 13. Bxc7 Bf4+ 0-1